000 00945nam a2200265Ia 4500
003 OSt
005 20221005103751.0
006 a|||||r|||| 00| 0
007 ta
008 221004b |||||||| |||| 00| 0 hin d
020 _a9788189982393 (hbk)
024 _a26414
037 _bGift, 05/05/2016,
_cTextual
040 _aCRL
_cCRL
_bhin
041 _2hin
_ahin
082 _aQ29M75:33:g, 152Q0
100 _aशर्मा, मीना
245 0 _aमहर्षि दयानंद सरस्वती और स्त्री विमर्श
246 _aMaharṣhi dayānanda sarasvatī aur strī vimarsha
260 _aदिल्ली
_bआर्य प्रकाशन मंडल भारत
_c2010
300 _a111पृ0
_ccm.
650 _aधर्म
942 _hQ29M75:33:g, 152Q0
_cTEXL
_2cc
999 _c1010849
_d1010849